Musikinstrumente mit "A" (schwer) - Statistiken

Allgemein
  • Dieses Quiz wurde 28 mal gespielt
  • Das Durchschnittsergebnis liegt bei 4 aus 61
Antwortstatistiken
Art Herkunft Instrument % Korrekt
Handzuginstr. Österreich 🇦🇹 Akkordeon
96%
Saxophon - Altsaxophon
26%
Polsterpfeife Schweiz 🇨🇭 Alphorn
17%
Blockflöte - Altblockflöte
17%
Posaune - Altposaune
17%
Blechblasinstr. Belgien 🇧🇪 Althorn
13%
Schüttelidiophon Indonesien 🇮🇩 Angklung
13%
Glockenpaar Brasilien 🇧🇷 Agogô
9%
Holmxylophon Uganda 🇺🇬 Akadinda
9%
Gitarre - Akustische Gitarre
9%
Schlagidiophon - Amboss
9%
Schlagidiophon - Aufschlagröhren
9%
Hupe - Autohupe
9%
Tasteninstr. Deutschland 🇩🇪 Adiaphon
4%
Bogenharfe Uganda 🇺🇬 Adungu
4%
Tasteninstr. - Aelodicon
4%
Maultrommel Deutschland 🇩🇪 Aeoline
4%
Saiteninstrument England 🏴󠁧󠁢󠁥󠁮󠁧󠁿 Aeolsharfe
4%
Ätherwelleninstr. Russland 🇷🇺 Aetherophon
4%
Ventiltrompete Italien 🇮🇹 Aida-Trompete
4%
Doppelrohrblattinstr. China 🇨🇳 Aizai
4%
Zitter Korea Ajaeng
4%
Zither - Akkordzither
4%
Gitarre USA 🇺🇸 Akustische Bassgitarre
4%
Bassquerflöte Italien 🇮🇹 Albisiphon
4%
Hornpfeife Spanien 🇪🇸 Albogue
4%
Rohrblattinstr. Spanien 🇪🇸 Alboka
4%
Zylindertrommel Brasilien 🇧🇷 Alfaia
4%
Kegeloboe Niger 🇳🇪 Algaita
4%
Doppelflöte Indien 🇮🇳 Alghoza
4%
Blockflöte Österreich 🇦🇹 Almpfeiferl
4%
Klarinette Frankreich 🇫🇷 Altklarinette
4%
Zither Deutschland 🇩🇪 Altzither
4%
Holzxylophon Uganda 🇺🇬 Amadinda
4%
Naturtrompete Uganda 🇺🇬 Amakondera
4%
Jagdhorn Russland 🇷🇺 Amyrga
4%
Tasteninstrument Frankreich 🇫🇷 Anemochord
4%
Zupfinstrument Frankreich 🇫🇷 Angelica
4%
Pfeife Brasilien 🇧🇷 Apito
4%
Drehorgel England 🏴󠁧󠁢󠁥󠁮󠁧󠁿 Apollonicon
4%
Langhalslaute Nepal 🇳🇵 Arbajo
4%
Tasteninstrument Italien 🇮🇹 Archicembalo
4%
Tasteninstrument Italien 🇮🇹 Archiorgano
4%
Saiteninstrument Frankreich 🇫🇷 Arcicistre
4%
Bogenharfe Mauretanien 🇲🇷 Ardin
4%
Streichgitarre Österreich 🇦🇹 Arpeggione
4%
Röhrentrommel Westafrika Ashiko
4%
Sackpfeife Griechenland 🇬🇷 Askobantoura
4%
Fasstrommel Brasilien 🇧🇷 Atabaque
4%
Bambusflöte Ghana 🇬🇭 Atenteben
4%
Standtrommel Ghana 🇬🇭 Atumpan
4%
Rohrblattinstr. Ägypten 🇪🇬 Aulos
4%
Blasinstrument Frankreich 🇫🇷 Autboi
4%
Saiteninstrument USA 🇺🇸 Autoharp
4%
mech. Instrument - Automatophon
4%
Kalebassenrassel Westafrika Axatse
4%
Membranophon - Ansingtrommel
0%
Ventilhorn Frankreich 🇫🇷 Antoniophon
0%
Streichinstr. Afrika 🌍 Anzad
0%
Blasinstrument Arabien Arghul
0%
Bratsche Italien 🇮🇹 Armgeige
0%
Keine übereinstimmenden Quizze gefunden
Verteilung der Resultate
Anzahl Personen mit jedem Resultat
Perzentil nach korrekt beantworteten Fragen
Ihre Resultats-Entwicklung
Sie haben dieses Quiz noch nicht gespielt